Andersen's Boulevard
Gorde:
| Egile nagusia: | |
|---|---|
| Formatua: | Liburua |
| Hizkuntza: | Undetermined |
| Argitaratua: |
Granada, España
Genil
1982
|
| Gaiak: | |
| Etiketak: |
Etiketa erantsi
Etiketarik gabe, Izan zaitez lehena erregistro honi etiketa jartzen!
|
MARC
| LEADER | 00000nam a2200000Ia 4500 | ||
|---|---|---|---|
| 008 | 170316s9999 xx 000 0 und d | ||
| 040 | |a cru BVZT | ||
| 090 | |a 862 R-8a | ||
| 100 | |a Ríosalido, Jesús | ||
| 245 | |a Andersen's Boulevard | ||
| 260 | |a Granada, España | ||
| 260 | |b Genil | ||
| 260 | |c 1982 | ||
| 300 | |a 124 páginas | ||
| 650 | |a LITERATURA ESPAÑOLA | ||
| 999 | |c 10397 |d 10397 | ||
| 942 | |c 15 D |h 862 R-8a |2 z | ||
